|
|
|
|
| LEADER |
00000nam a2200000 i 4500 |
| 001 |
1/12072 |
| 008 |
110221s2008 gre d |
| 020 |
|
|
|a 978-960-6640-47-6
|
| 035 |
|
|
|l 10109649
|
| 040 |
|
|
|a GR-MY-UA
|b gre
|e aacr
|
| 041 |
1 |
|
|a gre
|h eng
|
| 082 |
0 |
|
|a 813
|2 (22)
|
| 100 |
1 |
|
|a Alpert, Mark
|d 1961-
|
| 245 |
1 |
2 |
|a Η κλεμμένη εξίσωση :
|b το απόλυτο θρίλερ για τη "θεωρία των πάντων" /
|c Mark Alpert ; μετάφραση: Κωνσταντίνος Σίμος
|
| 260 |
|
|
|a Αθήνα :
|b Τραυλός,
|c c2008
|
| 300 |
|
|
|a 460 σ.;
|c 21 εκ.
|
| 500 |
|
|
|a Τίτλος πρωτοτύπου: Final theory
|
| 650 |
0 |
0 |
|a American fiction
|y 20th century.
|
| 852 |
|
|
|a INST
|b SYROS
|e 20110221
|h 813 ALP
|p 005500009338
|q 005500009338
|t BK
|y 0
|
| 901 |
|
|
|a BIBL5-2011-1
|
| 909 |
|
|
|a Ε
|b 166916
|
| 922 |
|
|
|a 5ΕΛΗ
|b 201011
|c ΒΙΒΛΙΟΘΗΚΗ ΣΥΡΟΥ
|d Π. ΙΩΑΝΝΙΔΟΥ
|
| 970 |
|
|
|a ΚΟΝΤΟΥ
|b ΠΑΡΑΣΚΕΥΗ
|z 2011/02/21
|